• 首页
  • 本馆介绍
  • 公告通知
  • 最新文献
  • 馆藏检索
  • 电子资源
  • 读者导购
  • 参考咨询
  • 我的图书馆
  • 登录
  • 详细信息显示
  • 放入我的书架
  • 预约/预借图书
  • 作者相关作品
  • 分类相关作品
  • 丛书相关作品
  • 出版社相关作品

书目信息

  • 表格格式
  • 工作单格式
  • 卡片格式
书名: Trauma update for the emergency medical technician
作者: Kimball I. Maull, Jackie Kirby, Dennis Rowe, editors.
分册号:
分册名:
出版地: Englewood Cliffs, N.J. :
 
出版社: Brady
出版时间: c1992.
页数: xvi, 222 p. :
开本: 23 cm.
丛书名:
中图分类号:
科图分类号:
其他分类号: R64
主题词:
电子资源:
000 01447pam a2200421 a 450
001 E0754717385
005 20070517151629.76
008 911101s1992 njua 001 0 eng c
010    @a91040778
020    @a089303889X.
035    @A(DLC) 91040778
040    @aDNLM/DLC@cDLC@dDLC
050 00 @aRC86.7@b.M385 1992
060    @aWO 700 M449t
082 00 @a616.02/5@2 20
090    @aR64
099    @dR64@ex70
245 00 @aTrauma update for the emergency medical technician / @cKimball I. Maull, Jackie Kirby, Dennis Rowe, editors.
260    @aEnglewood Cliffs, N.J. :@bBrady,@cc1992.
300    @axvi, 222 p. :@bill. ;@c23 cm.
490 1  @aContinuing education series
500    @aCover title: Trauma update for the EMT.
500    @aIncludes index.
650  0 @aEmergency medicine.
650  0 @aMedical emergencies.
650  0 @aEmergency medical technicians.
650  2 @aWounds and Injuries@xtherapy.
650  2 @aEmergencies.
650  2 @aEmergency Medical Services.
650  2 @aEmergency Medical Technicians.
700 1  @aMaull, Kimball I.@q(Kimball Ivan),@d1942-
700 1  @aRowe, Dennis.
700 1  @aKirby, Jackie M.
740 0  @aTrauma update for the EMT.
830  0 @aContinuing education series (Englewood Cliffs, N.J.)
906    @a7@bcbc@corignew@d1@eocip@f19@gy-gencatlg
955    @aCIP ver. be17 to SL 05-20-92
991    @bc-GenColl@hRC86.7@i.M385 1992@tCopy 1@wBOOKS
    
    Trauma update for the emergency medical technician / / Kimball I. Maull, Jackie Kirby, Dennis Rowe, editors.-Englewood Cliffs, N.J. : : Brady, , c1992.
    xvi, 222 p. : : ill. ; ; 23 cm.- (Continuing education series )
    Cover title: Trauma update for the EMT.-Includes index.
    
    ISBN 089303889X.
    
●
相关链接 在E读中查询图书 在五车中查询图书 在当当中查询图书 在豆瓣中查询图书


正题名:Trauma update for the emergency medical technician     索取号:R64/x70         预约/预借

序号 登录号 条形码 馆藏地/架位号 状态 备注
1 0010128   300101280   第二样本阅览室/ [索取号:R64/x70] 在馆    
2 0010129   300101299   第四借阅区/ [索取号:R64/x70] 在馆    
唐山师范学院图书馆 欢迎您!
大连网信软件有限公司© 版权所有